ბათუმის შოთა რუსთაველის სახელმწიფო უნივერსიტეტის ბიბლიოთეკა

Световой человек в иранском суфизме / (ბიბ.ჩანაწერი № 46526)

000 -LEADER
fixed length control field 00718nam a2200205Ia 4500
001 - CONTROL NUMBER
control field 13365
003 - CONTROL NUMBER IDENTIFIER
control field GE_BSU
005 - DATE AND TIME OF LATEST TRANSACTION
control field 20240904173251.0
008 - FIXED-LENGTH DATA ELEMENTS--GENERAL INFORMATION
fixed length control field 181216s2013||||ru |||||||||||||| ||rus||
020 ## - INTERNATIONAL STANDARD BOOK NUMBER
International Standard Book Number 9785906016041
040 ## - CATALOGING SOURCE
Transcribing agency GE_BSU
041 ## - LANGUAGE CODE
Language code of text/sound track or separate title rus
080 ## - UNIVERSAL DECIMAL CLASSIFICATION NUMBER
Universal Decimal Classification number 141.336(55) К-66
100 ## - MAIN ENTRY--PERSONAL NAME
Personal name Корбен, Анри
9 (RLIN) 23162
245 ## - TITLE STATEMENT
Title Световой человек в иранском суфизме /
Statement of responsibility, etc. Анри Корбен ; Пер. с фр. Ю.Стефановой ; Предисл. Я.Эшоста.
264 ## - PRODUCTION, PUBLICATION, DISTRIBUTION, MANUFACTURE, AND COPYRIGHT NOTICE
Place of production, publication, distribution, manufacture Москва :
Name of producer, publisher, distributor, manufacturer ООО Садра,
Date of production, publication, distribution, manufacture, or copyright notice 2013.
300 ## - PHYSICAL DESCRIPTION
Extent 238 стр. ;
Dimensions 21 см.
653 ## - INDEX TERM--UNCONTROLLED
keyword Световой человек в иранском суфизме
942 ## - ADDED ENTRY ELEMENTS (KOHA)
Koha item type წიგნი
Source of classification or shelving scheme
ეგზემპლარები
Withdrawn status Lost status Source of classification or shelving scheme Damaged status Not for loan Permanent Location Current Location Shelving location Date acquired Full call number Barcode Date last seen Copy number Price effective from Koha item type
          ბათუმის შოთა რუსთაველის სახელმწიფო უნივერსიტეტის მთავარი ბიბლიოთეკა ბათუმის შოთა რუსთაველის სახელმწიფო უნივერსიტეტის მთავარი ბიბლიოთეკა წიგნსაცავი 2018-12-17 141.336(55) К-66 27244 2018-12-17 27244 2018-12-17 წიგნი